| 000 | 00761nam a22002057a 4500 | ||
|---|---|---|---|
| 999 |
_c12393 _d12393 |
||
| 003 | AR-CdUCM | ||
| 008 | 190408b ||||| |||| 00| 0 spa d | ||
| 040 |
_aMUNICIPALIDAD PROVINCIAL DEL CUSCO _cBIBLIOTECA MUNICIPAL DEL CUSCO |
||
| 082 |
_23ed. _a340.1 / _bP19 /1941 |
||
| 100 |
_aPalacios, Alfredo L. _930225 |
||
| 245 | _aEl nuevo derecho / | ||
| 260 |
_aBuenos Aires : _bEdit. Claridad, _c1641. |
||
| 300 |
_a379 paginas ; _c23 cm. |
||
| 440 |
_aColección Claridad _99379 |
||
| 505 | _aContenido :El código civil no responde a las exigencias modernas --El romanticismo del codificador --Propiedad individual --La leyes coercitivas ... | ||
| 650 |
_aDerecho _9739 |
||
| 650 |
_aCódigo civil _928051 |
||
| 942 |
_2ddc _cLIBROS |
||
| 945 |
_arjall _d2019-04-08 |
||